|
|
|
|
| LEADER |
00000nam a22000007i 4500 |
| 001 |
IT\ICCU\CFI\0088197 |
| 003 |
ItRI |
| 005 |
20260115232435.0 |
| 008 |
890411s1985 it |||||| ||||| |||||c |
| 040 |
|
|
|b ita
|c importazione bologna sebina
|
| 041 |
|
7 |
|a ita
|2 ISO-639-2
|
| 082 |
|
|
|a 306.7
|9 ISTITUZIONI ATTINENTI ALLE RELAZIONI TRA I SESSI
|2 11
|
| 245 |
0 |
2 |
|a I labirinti dell'eros :
|b incontro di donne sull'immaginario erotico femminile : 27-28 ottobre '84, Villa Arrivabene, Firenze : atti del Convegno /
|c [organizzato da] Libreria delle donne, Centro documentazione donna, Firenze.
|
| 260 |
|
|
|a [S.l. :
|b s.n.,
|c 1985?]
|e (Bagno a Ripoli :
|f Piccardi e Martinelli)
|
| 300 |
|
|
|a 130 p. :
|b ill. ;
|c 24 cm
|
| 500 |
|
|
|a Nell'occhietto: Materiali per una ricerca sull'identità femminile.
|
| 650 |
|
7 |
|a Erotismo
|
| 710 |
2 |
|
|a Centro documentazione donna (Firenze)
|0 IT\ICCU\CFIV\021751
|
| 710 |
2 |
|
|a Libreria delle donne (Firenze)
|0 IT\ICCU\CFIV\038489
|
| 942 |
|
|
|2 ddc
|c BK
|n 0
|
| 952 |
|
|
|0 0
|1 0
|4 0
|6 DOC_306_700000000000000_LAB
|7 0
|9 25805
|a BO
|b BO
|d 2026-01-15
|i 17103
|l 0
|o DOC 306.7 LAB
|p BO17103
|r 2026-01-15 23:24:35
|w 2026-01-15
|x [Sebina 5] [1 v.]
|y BK
|z 1 v.
|
| 999 |
|
|
|c 21883
|d 21883
|